000 00568nam a22001457a 4500
020 _a978-0-7499-5698-1
082 _a823
_bMCC/C
100 _aMcCOY, KEN
245 _aCOBBLESTONE HEROES
260 _aENGLAND
_bPIATKUS
_c1999
300 _a289
520 _aThree children are found alive after having been buried alive for 12 hours in the rubble of their bombed-out home. One of them, Billy, is sent off to an orphanage, and his older brother and sister later decide to run away from the aunt who is caring for them.
650 _aNOVEL
_zUNITED KINGDOM
942 _cBK
999 _c3562
_d3562